LIBRARY & INFORMATION CENTRE, KCAET, TAVANUR

ONLINE PUBLIC ACCESS CATALOGUE (OPAC)

Complete solutions to basic mathematics / (Record no. 9891)

MARC details
000 -LEADER
fixed length control field 00495cam a2200205ua 4500
041 ## - LANGUAGE CODE
Language code of text/sound track or separate title eng
082 ## - DEWEY DECIMAL CLASSIFICATION NUMBER
Classification number 510
Item number SHA/CO
100 ## - MAIN ENTRY--AUTHOR NAME
Personal name Sharma, S D .
245 ## - TITLE STATEMENT
Title Complete solutions to basic mathematics /
260 ## - PUBLICATION, DISTRIBUTION, ETC. (IMPRINT)
Place of publication Meerut :
Name of publisher A S Prakashan ,
Year of publication 1966.
300 ## - PHYSICAL DESCRIPTION
Number of Pages 240 ; .
942 ## - ADDED ENTRY ELEMENTS (KOHA)
Koha item type Books
Holdings
Withdrawn status Lost status Damaged status Home library Current library Date acquired Full call number Accession Number Koha item type
      KAUAET KAUAET 07/04/2012 510 14741 Books
      KAUAET KAUAET 07/04/2012 510 14739 Books
      KAUAET KAUAET 07/04/2012 510 14740 Books
      KAUAET KAUAET 07/04/2012 510 14742 Books
free website counter